000 00269nam a2200097Ia 4500
005 20251222144918.0
008 251222s9999||||xx |||||||||||||| ||spa||
082 _a372.357/C46
245 0 _aViva la ciudad: Guía de educación ambiental para escuelas urbanas
942 _cLIB
999 _c22624
_d22624